Aristotle: fundamentals of the history of his development
保存先:
| 第一著者: | |
|---|---|
| フォーマット: | 図書 |
| 言語: | 英語 |
| 出版事項: |
Londres
Oxford University
1948
|
| 版: | 2a. ed |
| 主題: | |
| タグ: |
タグ追加
タグなし, このレコードへの初めてのタグを付けませんか!
|
MARC
| LEADER | 00000nam a2200000 a 4500 | ||
|---|---|---|---|
| 001 | UCS2430 | ||
| 003 | CL-VaPUC | ||
| 008 | 970526e19480000UK |||||||||||||||||eng|d | ||
| 082 | 0 | 4 | |a 185 |b JEA |2 21 |
| 100 | |a Jaeger, Werner |e autor |9 584872 | ||
| 245 | 1 | 0 | |a Aristotle: fundamentals of the history of his development |
| 250 | |a 2a. ed | ||
| 300 | |a 475 p | ||
| 942 | |c BK | ||
| 945 | |d 19970526 00:00:00 |a lriquelm | ||
| 260 | |a Londres |b Oxford University |c 1948 | ||
| 600 | 0 | |a Aristóteles, |d 384 a.C.- 322 a.C. |9 194 | |
| 650 | 0 | |a Filosofía antigua |9 255705 | |
| 650 | 0 | |a Historia antigua |9 267521 | |
| 651 | 0 | |a Grecia |9 265314 | |
| 583 | |a last modification |c 20160105 10:59:29 |k Rodrigo Vera | ||
| 999 | |c 260388 |d 260386 | ||
| 952 | |0 0 |1 0 |4 0 |6 185_000000000000000_JEA_1948 |7 0 |8 A |9 286486 |a BIBDER |b BIBDER |d 2019-11-19 |i 1862898 |o 185 JEA 1948 |p 1862898 |r 2023-01-25 |w 2019-11-19 |y BK |k DER | ||